000 00656nam a2200265Ia 4500
005 20260306163525.0
008 008 260114s9999 xx 000 0 eng d
020 _a9781399503754
037 _aEBOOK
040 _aCRL
040 _beng
040 _cCRL
041 _2eng
041 _aeng
084 _qCRL
100 _aTrousdale
_9910471
245 4 _aThe Archaeology Of Southwest Afghanistan, Volume 1: Survey And Excavation
260 _bEdinburgh University Press
260 _c2023
650 _aSocial Work
856 _uhttps://academic.oup.com/book/51632
942 _cEBOOK
999 _c1710447
_d1710447